Naruto Chain - Statistics

General Stats
  • This quiz has been taken 101 times
  • The average score is 15 of 31
Answer Stats
Hint Answer % Correct
Kushina's clan Uzumaki
99%
Sasuke's brother Itachi
68%
Snake Sannin Orochimaru
64%
Strongest clan in the Hidden Leaf Uchiha
64%
Masked Man Obito
63%
Organization founded by Yahiko Akatsuki
62%
Sakura's childhood rival Ino
62%
Kiba's dog Akamaru
60%
Jiraiya's Rinnegan-possessing student Nagato
60%
Master of ninja tools (Konoha 11) Tenten
60%
Number of tails that Gyuki has Eight
59%
The one who first accepted Naruto Iruka
58%
Sensei of Ino-Shika-Cho Asuma
57%
Sensei of Team Ebisu Ebisu
56%
Master of interrogation Ibiki
54%
Kaguya's Clan Otsutsuki
48%
Hagoromo's successor Ashura
47%
Chunin Exams Proctor Anko
46%
Sakon's twin (Sound 4) Ukon
46%
Konohamaru's teammate Udon
44%
Ancestor of the Uchiha Clan Indra
43%
3rd Tsuchikage Onoki
42%
Reanimation Jutsu (Japanese) Edo Tensei
41%
Six-Tails Jinchuriki Utakata
40%
Haku's Kekkei Genkai Ice Release
35%
Yugito's last name Nii
31%
_ and Kotetsu Izumo
30%
Hidden Stone Village (Japanese) Iwagakure
28%
Hidden Rain Village (Japanese) Amegakure
27%
Overthinking Cloud shinobi Omoi
25%
Spread by the Sage of Six Paths Ninshu
20%
No matching quizzes found
Score Distribution
Percent of People with Each Score
Percentile by Number Answered
Your Score History
You have not taken this quiz